<?xml version="1.0" encoding="UTF-8"?>
<record
    xmlns:xsi="http://www.w3.org/2001/XMLSchema-instance"
    xsi:schemaLocation="http://www.loc.gov/MARC21/slim http://www.loc.gov/standards/marcxml/schema/MARC21slim.xsd"
    xmlns="http://www.loc.gov/MARC21/slim">

  <leader>00945cam a22002771a 4500</leader>
  <controlfield tag="001">sa 68018708 </controlfield>
  <controlfield tag="003">DLC</controlfield>
  <controlfield tag="005">20260227112714.0</controlfield>
  <controlfield tag="008">970320s1967    ii            000 0 malr </controlfield>
  <datafield tag="010" ind1=" " ind2=" ">
    <subfield code="a">sa 68018708 </subfield>
  </datafield>
  <datafield tag="025" ind1=" " ind2=" ">
    <subfield code="a">I-Mal-1481</subfield>
  </datafield>
  <datafield tag="035" ind1=" " ind2=" ">
    <subfield code="a">(OCoLC)36584627</subfield>
  </datafield>
  <datafield tag="040" ind1=" " ind2=" ">
    <subfield code="a">DLC</subfield>
    <subfield code="c">ICRL</subfield>
    <subfield code="d">DLC</subfield>
  </datafield>
  <datafield tag="042" ind1=" " ind2=" ">
    <subfield code="a">premarc</subfield>
  </datafield>
  <datafield tag="050" ind1="0" ind2="0">
    <subfield code="a">BF1623.P9</subfield>
    <subfield code="b">T5</subfield>
  </datafield>
  <datafield tag="100" ind1="1" ind2=" ">
    <subfield code="a">T&#x14D;mas, Bi.</subfield>
  </datafield>
  <datafield tag="245" ind1="1" ind2="0">
    <subfield code="a">Sa&#x1E45;khy&#x101;j&#x14D;ti&#x1E63;a&#x1E43;  /</subfield>
    <subfield code="c">Bi. T&#x14D;mas.</subfield>
  </datafield>
  <datafield tag="260" ind1=" " ind2=" ">
    <subfield code="a">[K&#x14D;&#x1E6D;&#x1E6D;aya&#x1E43;?] :</subfield>
    <subfield code="b">J. Johnson ;</subfield>
    <subfield code="a">K&#x14D;&#x1E6D;&#x1E6D;aya&#x1E43; :</subfield>
    <subfield code="b">vitara&#x1E47;a&#x1E43;, N&#x101;&#x1E63;anal Bukkst&#x332;t&#x332;&#x101;&#x1E37;,</subfield>
    <subfield code="c">1967.</subfield>
  </datafield>
  <datafield tag="300" ind1=" " ind2=" ">
    <subfield code="a">267 p. :</subfield>
    <subfield code="b">ill. ;</subfield>
    <subfield code="c">19 cm.</subfield>
  </datafield>
  <datafield tag="500" ind1=" " ind2=" ">
    <subfield code="a">"85 var&#x1E63;atte kala&#x1E47;&#x1E6D;ar&#x332;u&#x1E43;, Kollavar&#x1E63;a&#x1E43; 1057-1143 Kr&#x332;istuvar&#x1E63;a&#x1E43; 1881-1968"--Cover.</subfield>
  </datafield>
  <datafield tag="520" ind1=" " ind2=" ">
    <subfield code="a">Treatise on numerology based on Cheiro's book of numbers.</subfield>
  </datafield>
  <datafield tag="546" ind1=" " ind2=" ">
    <subfield code="a">In Malayalam.</subfield>
  </datafield>
  <datafield tag="650" ind1=" " ind2="0">
    <subfield code="a">Symbolism of numbers.</subfield>
  </datafield>
  <datafield tag="650" ind1=" " ind2="0">
    <subfield code="a">Numerology.</subfield>
  </datafield>
  <datafield tag="600" ind1="0" ind2="0">
    <subfield code="a">Cheiro,</subfield>
    <subfield code="d">1866-1936.</subfield>
    <subfield code="t">Cheiro's book of numbers.</subfield>
  </datafield>
  <datafield tag="999" ind1=" " ind2=" ">
    <subfield code="c">88600</subfield>
    <subfield code="d">88600</subfield>
  </datafield>
</record>
